| Tag |
First Indicator |
Second Indicator |
Subfields |
| LEADER |
00000cam a2200000 a 4500 |
| 001 |
in00001406050 |
| 005 |
20151020072354.0 |
| 008 |
970915s1998 nyua b 001 0 eng |
| 010 |
|
|
|a 97031834
|
| 020 |
|
|
|a 0471190802 (alk. paper)
|
| 035 |
|
|
|a (OCoLC)37663160
|
| 035 |
|
|
|9 AHQ2784AM
|
| 040 |
|
|
|a DLC
|c DLC
|d TXA
|d UtOrBLW
|
| 049 |
|
|
|a TXAM
|
| 050 |
0 |
0 |
|a TK5105.35
|b .M38 1998
|
| 082 |
0 |
0 |
|a 004.6/6
|2 21
|
| 100 |
1 |
|
|a Minoli, Daniel,
|d 1952-
|
| 245 |
1 |
0 |
|a Network layer switched services /
|c Daniel Minoli, Andrew Schmidt.
|
| 264 |
|
1 |
|a New York :
|b John Wiley & Sons,
|c [1998]
|
| 264 |
|
4 |
|c ©1998
|
| 300 |
|
|
|a xi, 368 pages :
|b illustrations ;
|c 25 cm.
|
| 336 |
|
|
|a text
|b txt
|2 rdacontent
|
| 337 |
|
|
|a unmediated
|b n
|2 rdamedia
|
| 338 |
|
|
|a volume
|b nc
|2 rdacarrier
|
| 504 |
|
|
|a Includes bibliographical references and index.
|
| 650 |
|
0 |
|a Asynchronous transfer mode.
|
| 650 |
|
0 |
|a Internetworking (Telecommunication)
|
| 650 |
|
0 |
|a Computer network protocols.
|
| 700 |
1 |
|
|a Schmidt, Andrew.
|
| 948 |
|
|
|a c:dm
|
| 999 |
|
|
|a MARS
|
| 999 |
f |
f |
|s 1d06685f-c3e6-3931-ba10-28514c4b86bf
|i 3e4e28fc-0c6f-36d0-8432-d17226e743de
|t 0
|
| 952 |
f |
f |
|p ric
|a Texas A&M University
|b Rellis Campus
|c Joint Library Facility
|d Remote Storage
|t 0
|e TK5105.35 .M38 1998
|h Library of Congress classification
|i unmediated -- volume
|m A14823323929
|
| 998 |
f |
f |
|a TK5105.35 .M38 1998
|t 0
|l Remote Storage
|